00389nam a2200121Ia 4500008004100000040001600041041001200057082001700069100002900086245009400115260004400209300001400253230917s9999||||xx |||||||||||||| ||und|| e44124aMAIN aEnglish a491.22 B469S aBhattacharya, Bishnupada 0aStudy in language and meaning: A critical examination of some aspects of Indian semantics aCalcuttabSanskrit Pustak Bhandarc1984 ax, 165 p.